000
00245nam a2200097Ia 4500
001
1165665
005
20251202114102.0
008
250824s9999 xx 000 0 und d
245
0
_a
BASTONUN UCUNDAKİ DÜNYA
_c
HASAN SARI
260
_b
ATLI KARINCA
999
_c
1165665
_d
1165665